| 000 | 01007cam a2200217 4500 | ||
|---|---|---|---|
| 001 | WB3812-34 | ||
| 008 | 020328n2002 000 0 eng u | ||
| 035 | _a(Sirsi) u117275 | ||
| 245 | _a£140m to crush England's waste mountain | ||
| 260 | _c2002 | ||
| 490 |
_aDEFRA News Release _v(118/02) 26 March 2002, (2) |
||
| 520 | _a£140m waste and recycle fund available to local councils in England and Wales to help them treble recycling and composting to meet their 25% targets in 2005/6. The fund will be provided over two years and will support local recycling and waste initiatives. For the DEFRA news release: http://www.defra.gov.uk/news/2002/020326b.htm. For the consultation document: http://www.defra.gov.uk/environment/consult/wastefund/index.htm | ||
| 590 | _aWB | ||
| 650 | _aLOCAL COUNCILS | ||
| 650 | _aLOCAL AUTHORITIES | ||
| 650 | _aHOUSEHOLD WASTE | ||
| 650 | _aRECYCLING | ||
| 650 | _aLANDFILL SITES | ||
| 690 | _aENVIRONMENTAL AND LAND CONSULTANCY-WASTE MANAGEMENT | ||
| 942 | _n0 | ||
| 999 |
_c69864 _d69864 |
||